000 00524nam a2200157 i 4500
001 46631
003 ES-MaACL
007 t|
008 030331s1968 sp ||||1| spa d
111 2 _aCongreso Nacional de Teatro para la Infancia y la Juventud
_n(1ยบ.
_d1967.
_cBarcelona)
_9563
245 1 0 _aI Congreso Nacional de Teatro para la Infancia y la Juventud
_b: Barcelona, 1967.
260 _aMadrid :
_bEd. Nacional,
_c1968.
300 _a274 p. ;
_c24 cm.
852 _aES-MaACL
_jG-4522
_bR.65813
999 _c46631
_d46631